the young collector's illustrated classics (Record no. 9257)

MARC details
000 -LEADER
fixed length control field 00976nam a22001937a 4500
003 - CONTROL NUMBER IDENTIFIER
control field OSt
005 - DATE AND TIME OF LATEST TRANSACTION
control field 20260318015126.0
008 - FIXED-LENGTH DATA ELEMENTS--GENERAL INFORMATION
fixed length control field 260318b |||||||| |||| 00| 0 eng d
040 ## - CATALOGING SOURCE
Original cataloging agency DWCL GS Library
Transcribing agency OC
082 ## - DEWEY DECIMAL CLASSIFICATION NUMBER
Classification number Fic. T911y 1996
100 ## - MAIN ENTRY--PERSONAL NAME
Personal name Twain, Mark
245 ## - TITLE STATEMENT
Title the young collector's illustrated classics
Remainder of title : the adventures of tom sawyer
260 ## - PUBLICATION, DISTRIBUTION, ETC.
Name of publisher, distributor, etc. Division of kids book, Inc.
Date of publication, distribution, etc. c1996
300 ## - PHYSICAL DESCRIPTION
Extent 184
Other physical details illustrations
Dimensions 24cm
520 ## - SUMMARY, ETC.
Summary, etc. The Adventures of Tom Sawyer by Mark Twain is an 1876 novel following a mischievous, imaginative boy growing up along the Mississippi River. Tom, living with Aunt Polly, tricks friends into whitewashing a fence, romances Becky Thatcher, and runs away to play pirate. After witnessing a murder by Injun Joe and discovering treasure with Huckleberry Finn, Tom matures into a local hero.
546 ## - LANGUAGE NOTE
Language note English
700 ## - ADDED ENTRY--PERSONAL NAME
Personal name Mark Twain
942 ## - ADDED ENTRY ELEMENTS (KOHA)
Source of classification or shelving scheme Dewey Decimal Classification
Koha item type Fiction
Classification part Fic. T911y 1996
Suppress in OPAC No
952 ## - LOCATION AND ITEM INFORMATION (KOHA)
--
Holdings
Withdrawn status Lost status Source of classification or shelving scheme Damaged status Not for loan Home library Current library Shelving location Date acquired Source of acquisition Total Checkouts Full call number Barcode Date last seen Price effective from Koha item type Uniform Resource Identifier
    Dewey Decimal Classification     Grade School Library Grade School Library Fiction 03/18/2026 School Fund, Donation   Fic. T911y 1996 7522 03/18/2026 03/18/2026 FIC.